000 00673nam a2200217Ia 4500
008 191130s2008##################000#0#eng##
020 _a9780195373219
022 _a2009293901
040 _aACL
_cACL
082 _a709.7303 MOR
100 _aMorgan, Ann Lee
245 _aThe Oxford dictionary of American art and artists
_cAnn Lee Morgan
250 _aOxfor University Press pbk
260 _aOxford
_bOxford University Press
_c2008
300 _axiv, 537 p. 24 cm
650 _aArt, American - Dictionaries
650 _aArtists - United States - Biography - Dictionaries
990 _a451d5931ac10000c5a6e835c0a7ca596
991 _a290926
999 _c417236
_d417236